Campeões da Copa do Mundo - Statistics

Estatísticas Gerais
  • Esse quiz foi jogado 138 vezes
  • A pontuação média é 19 de 21
Estatísticas das Respostas
Ano Campeão % Correto
1930 Uruguai
100%
1958 Brasil
96%
1970 Brasil
95%
2002 Brasil
95%
1934 Itália
94%
2014 Alemanha
92%
1994 Brasil
92%
2010 Espanha
92%
1998 França
92%
2018 França
92%
1982 Itália
91%
1950 Uruguai
91%
1974 Alemanha
90%
1962 Brasil
90%
2006 Itália
90%
1954 Alemanha
87%
1966 Inglaterra
87%
1938 Itália
87%
1990 Alemanha
85%
1978 Argentina
85%
1986 Argentina
82%
Nenhum quiz correspondente encontrado
Distribuição das Pontuações
Porcentagem de Pessoas com Cada Pontuação
Percentil de Números Respondidos
Sua Pontuação Histórica
Você não jogou esse quiz